Normal view
MARC view
Entry Personal Name
001 - CONTROL NUMBER
- control field: 11364
003 - CONTROL NUMBER IDENTIFIER
- control field: OSt
005 - DATE AND TIME OF LATEST TRANSACTION
- control field: 20161208142421.0
008 - FIXED-LENGTH DATA ELEMENTS
- fixed length control field: 161208|| aca||aabn | a|a d
040 ## - CATALOGING SOURCE
- Original cataloging agency: OSt
- Transcribing agency: OSt
100 ## - HEADING--PERSONAL NAME
- Personal name: Edited by Andrew, F. Cooper; Christopher W. Hughes; Philippe de Lombaerde
670 ## - SOURCE DATA FOUND
- Source citation: Work cat.: (OSt): Edited by Andrew, F. Cooper; Christopher W. Hughes; Philippe de Lombaerde, Regionalisation and Global Governance: the taming of globalisation
